000 01223nam a2200265Ia 4500
003 OSt
005 20221005133650.0
006 a|||||r|||| 00| 0
007 ta
008 221004b |||||||| |||| 00| 0 hin d
024 _a10344
037 _cTextual
040 _aCRL
_cCRL
_bhin
041 _2hin
_ahin
100 _aशर्मा, श्वेता, ले.
110 _aदिल्ली विश्वविद्यालय. संगीत एवं ललित कला संकाय. संगीत विभाग
245 0 _aसुरबहार वाद्य के पुनरूत्थान में प्रचार - प्रसार माध्यमों की भूमिका
246 _aSurabahār vādya ke punarūtthān mean prachār - prasār mādhyamoan kī bhūmikā
260 _c2011
300 _a223पृ0
_ccm.
650 _aहिन्दी साहित्य
700 _aदिल्ली विश्वविद्यालय. संगीत एवं ललित कला संकाय. संगीत विभाग
942 _cTEXL
_2cc
999 _c1067474
_d1067474